Carregant...
systems analysis and design: techniques, methodologies, approaches and architectures
| Altres autors: | , , |
|---|---|
| Format: | Printed Book |
| Publicat: |
Newdelhi
PHI Learning
2009
|
| LEADER | 00549nam a2200157 4500 | ||
|---|---|---|---|
| 020 | |a 9788120338838 | ||
| 082 | |a 005.42 |b SYS | ||
| 245 | |a systems analysis and design: techniques, methodologies, approaches and architectures | ||
| 260 | |a Newdelhi |b PHI Learning |c 2009 | ||
| 300 | |a 240p | ||
| 700 | |a Chiang, Roger H L | ||
| 700 | |a Siau, King | ||
| 700 | |a Hardgrave, Bill C | ||
| 942 | |c BK | ||
| 999 | |c 45351 |d 45351 | ||
| 952 | |0 0 |1 0 |4 0 |6 005_420000000000000_SYS |7 0 |8 Stack |9 49310 |a KUCL |b KUCL |c Stack |d 2018-06-06 |g 325.00 |l 0 |o 005.42 SYS |p 45993 |r 2018-06-06 |w 2018-06-06 |y BK | ||